000 00886nas a2200289 4500
001 BR7312000
003 BR-BrBNA
005 20231205082721.0
007 ta
008 230509b bl.|||p| |||| 00| 00por d
040 _aBR-BrBNA
_bpor
_cBiblioteca Nacional de Agricultura
041 _a(Pt)
072 _aL73
100 1 _aSilva, A.G. da
100 1 _aCosta, A.R.
100 1 _aFreire, M.C.V. de L.
245 1 _aOcorrencia do virus da raiva em morcegos insetivoros Malossus rufus capturados no estado da Bahia [doenca animal, Brasil]
650 _aRAIVA
650 _aMORCEGO
650 _aTRANSMISSAO DE DOENCA
650 _aEPIDEMIA
650 _aERRADICACAO
650 _aBAHIA
773 0 _tBoletim do Instituto Biologico da Bahia (Brazil)
_xISSN 0020-3661
_g(1973), v. 12(1) p. 8-15
_wBR7312000
909 _a202311
_bLúcia
_c55
_dLúcia Elande
942 _2AGRIS
_n0
_cANA
999 _c93814
_d93814